Local Strategic Partnerships: altogether now? (Record no. 71915)
[ view plain ]
| 000 -LEADER | |
|---|---|
| fixed length control field | 01300cam a2200241 4500 |
| 001 - CONTROL NUMBER | |
| control field | ABS66390 |
| 008 - FIXED-LENGTH DATA ELEMENTS--GENERAL INFORMATION | |
| fixed length control field | 030115n2003 000 0 eng u |
| 035 ## - SYSTEM CONTROL NUMBER | |
| System control number | (Sirsi) u121018 |
| 100 ## - MAIN ENTRY--PERSONAL NAME | |
| Personal name | Rowe, M. |
| 245 ## - TITLE STATEMENT | |
| Title | Local Strategic Partnerships: altogether now? |
| 260 ## - PUBLICATION, DISTRIBUTION, ETC. | |
| Date of publication, distribution, etc. | 2003 |
| 490 ## - SERIES STATEMENT | |
| Series statement | Regeneration and Renewal |
| Volume/sequential designation | 10 January 2003, 20-21(2) |
| 520 ## - SUMMARY, ETC. | |
| Summary, etc. | Discusses the role of Local Strategic Partnerships (LSPs), set up by local authorities following the Local Government Act 2000 to deliver neighbourhood renewal strategies. Explains the different and often complex structures of LSPs, and considers whether having no fixed structure has been an advantage or disadvantage in terms of delivering neighbourhood renewal. Suggests that some LSPs have become too powerful at the expense of other local community groups, giving the example of the Blackpool Challenge Partnership. In contrast, the London borough of Newham LSP has succeeded in maximising community involvement and actively consulting with hard-to-reach social groups. |
| 590 ## - LOCAL NOTE (RLIN) | |
| Local note | ABS |
| 650 ## - SUBJECT ADDED ENTRY--TOPICAL TERM | |
| Topical term or geographic name entry element | LOCAL STRATEGIC PARTNERSHIPS |
| 650 ## - SUBJECT ADDED ENTRY--TOPICAL TERM | |
| Topical term or geographic name entry element | NEIGHBOURHOOD RENEWAL |
| 650 ## - SUBJECT ADDED ENTRY--TOPICAL TERM | |
| Topical term or geographic name entry element | URBAN REGENERATION |
| 650 ## - SUBJECT ADDED ENTRY--TOPICAL TERM | |
| Topical term or geographic name entry element | BLACKPOOL |
| 650 ## - SUBJECT ADDED ENTRY--TOPICAL TERM | |
| Topical term or geographic name entry element | COMMUNITY STRATEGY |
| 650 ## - SUBJECT ADDED ENTRY--TOPICAL TERM | |
| Topical term or geographic name entry element | NEWHAM |
| 690 ## - LOCAL SUBJECT ADDED ENTRY--TOPICAL TERM (OCLC, RLIN) | |
| Topical term or geographic name as entry element | REGENERATION |
| 942 ## - ADDED ENTRY ELEMENTS (KOHA) | |
| Suppress in OPAC | 0 |
| Withdrawn status | Lost status | Source of classification or shelving scheme | Damaged status | Not for loan | Home library | Current library | Shelving location | Date acquired | Total Checkouts | Full call number | Barcode | Date last seen | Copy number | Price effective from | Koha item type |
|---|---|---|---|---|---|---|---|---|---|---|---|---|---|---|---|
| Dewey Decimal Classification | London | London | Journal article | 15/01/2003 | ABS66390 | 121018-1001 | 06/08/2019 | 1 | 06/08/2019 | Journal article |